000 00773nam a2200265 a 4500
005 20260322212055.0
008 data
010 _a 84028439//r85
020 _a0201097370
020 _a9780201097375
040 _aDNLM/DLC
_cDLC
_dCStRLIN
050 0 _aRT81.5
_b.W55 1985
060 _aWY 20.5 W748r
096 _aWY 20.5 W748r 1985
100 1 _aWilson, Holly Skodol.
245 1 0 _aResearch in nursing /
_cHolly Skodol Wilson.
260 0 _aMenlo Park, Calif. :
_bAddison-Wesley, Nursing Division,
_cc1985.
300 _axix, 583 p. :
_bill. ;
_c25 cm.
504 _aIncludes bibliographies and index.
590 _aIncludes bibliographies and index.
650 0 _aNursing
_xMethodology.
_xMethodology.
650 2 _aNursing.
650 2 _aResearch.
001 data
999 _c1320
_d1320